000 00715nam a2200229Ii 4500
003 JO-AjNU
008 230605s9999||||xx |||||||||||||| ||und||
017 _a1984/7211
020 _a977-11-0126-9
040 _aJO-AjNU
_bara
_erda
_cJO-AjNU
041 _aara
050 1 4 _aHQ1216. Z3422 1984
100 3 _aابراهيم، زكريا,
_eauthor
_936633
245 0 0 _aسيكولوجية المرأة
264 3 1 _aالقاهرة: دار مصر للطباعة، 1984
300 _a171ص
336 _atext
_btxt
_2rdacontent
337 _aunmediated
_bn
_2rdamedia
338 _avolume
_bnc
_2rdacarrier
490 0 _aالثقافة السيكولوجية
650 4 _a المرأة - علم نفس 
_936634
999 _aA15237
_c18805
_d18805